| 000 | 00730nam a2200229 i 4500 | ||
|---|---|---|---|
| 001 | 6339 | ||
| 003 | ES-MaACL | ||
| 005 | 20230906144903.0 | ||
| 007 | t| | ||
| 008 | 890925s1983 sp ||||0| spa d | ||
| 080 | _a792(46)"1988" | ||
| 245 | 0 | 0 |
_aGuía teatral de España _b: 1988. |
| 260 |
_aMadrid : _bCentro de Documentacion Teatral, _c1988. |
||
| 300 |
_a432, [12] p. ; _c22 cm. |
||
| 490 | 1 |
_aEl Publico. Guia teatral de España ; _v1988 |
|
| 500 | _aISSN 0213-4198. | ||
| 650 | 1 | 4 |
_aTeatro- _zEspaña- _xGuías. _917301 |
| 710 | 1 |
_aCentro de Documentación Teatral (España) _92605 |
|
| 830 | 0 |
_aEl Publico. Guia teatral de España ; _v1988 _9177517 |
|
| 852 |
_aES-MaACL _jL-13512 _bR.117050 |
||
| 999 |
_c6339 _d6339 |
||